The analytics of uncertainty and information
Saved in:
| Main Author: | |
|---|---|
| Other Authors: | |
| Format: | Book |
| Language: | English |
| Published: |
Cambridge :
Cambridge University Press,
1992
|
| Series: | Cambridge surveys of economic literature
|
| Subjects: | |
| Tags: |
Add Tag
No Tags, Be the first to tag this record!
|
MARC
| LEADER | 00000pam a2200000 i 4500 | ||
|---|---|---|---|
| 001 | 1/6461 | ||
| 008 | 960705s1992 eng d | ||
| 020 | |a 0-521-23956-7 | ||
| 035 | |l 10016361 | ||
| 040 | |a GR-MY-UA |b gre |e aacr | ||
| 041 | 0 | |a eng | |
| 082 | 0 | |a 339.5 | |
| 100 | 1 | |a Hirshleifer, Jack. | |
| 245 | 1 | 4 | |a The analytics of uncertainty and information / |c Jack Hirshleifer and John G. Riley |
| 260 | |a Cambridge : |b Cambridge University Press, |c 1992 | ||
| 300 | |a xi, 465 p.; |b ill.; |c 24 cm | ||
| 490 | 1 | |a Cambridge surveys of economic literature | |
| 504 | |a Includes bibliographical references and indexes | ||
| 650 | 0 | 0 | |a Uncertainty. |
| 650 | 0 | 0 | |a Equilibrium (Economics) |
| 650 | 0 | 0 | |a Decision making. |
| 650 | 0 | 0 | |a Information theory in economics. |
| 700 | 1 | |a Riley, John G. | |
| 830 | 0 | |a Cambridge surveys of economic literature | |
| 852 | |a INST |b LESVOS |e 19960705 |h 339.5 HIR |p 005100009653 |q 005100009653 |t BK |y 0 | ||
| 909 | |a Λ |b 035666 | ||